[Event "GER-ch Net Amateur Gr-A Vor2"]
[Site "Playchess.com INT"]
[Date "2020.04.15"]
[Round "2"]
[White "Lieberwirth, Kasimir"]
[Black "Mietner, Wolfgang"]
[Result "0-1"]
[WhiteElo "1953"]
[BlackElo "1795"]
[PlyCount "120"]
[EventDate "2020.04.15"]
[EventType "swiss (blitz)"]
[EventRounds "9"]
[EventCountry "GER"]
[SourceTitle "CBM 196 Extra"]
[Source "ChessBase"]
[SourceDate "2020.07.31"]
[SourceVersion "1"]
[SourceVersionDate "2020.07.31"]
[SourceQuality "1"]

1. e4 c6 2. b3 d5 3. Bb2 dxe4 4. Nc3 Nf6 5. Nge2 Bf5 6. Ng3 Bg6 7. Qe2 e6 8. Ncxe4 Be7 9. 0-0-0 0-0 10. h4 a5 11. h5 Bxe4 12. Nxe4 h6 13. a4 b5 14. g4 bxa4 15. bxa4 Nxe4 16. Qxe4 Qd5 17. Bd3 Qxe4 18. Bxe4 Rd8 19. Rh3 Ra6 20. Rb3 Nd7 21. d4 Nf6 22. Bf3 Nd5 23. Bxd5 cxd5 24. Rb7 Bf6 25. Rd3 Rc6 26. Ra7 Rdc8 27. c3 Bd8 28. Kc2 Rc4 29. Kb3 Rb8+ 30. Ka3 Kf8 31. Ka2 Rxa4+ 32. Kb1 Ra3 33. Kc2 Ra2 34. Rf3 Raxb2+ 35. Kd3 R2b7 36. Ra6 Ke7 37. Rg3 Rb1 38. f4 Rd1+ 39. Kc2 Rdb1 40. Ra7+ Ke8 41. Ra6 R8b2+ 42. Kd3 Rd1+ 43. Ke3 Re1+ 44. Kd3 Rd1+ 45. Ke3 Rc1 46. Kd3 Rb3 47. Rc6 a4 48. g5 hxg5 49. fxg5 a3 50. Rg2 Rb2 51. h6 gxh6 52. Ra6 Rxg2 53. Rxa3 Rxg5 54. Ra8 Rd1+ 55. Kc2 Rdg1 56. Kb3 R1g3 57. Kc2 Rh3 58. Ra3 Rg2+ 59. Kb3 Rgg3 60. Kb4 Be7+ 0-1

[Event "GER-ch Net Amateur Gr-A Vor2"]
[Site "Playchess.com INT"]
[Date "2020.04.15"]
[Round "8"]
[White "Mietner, Wolfgang"]
[Black "Mueller, Adrian"]
[Result "0-1"]
[WhiteElo "1850"]
[BlackElo "2007"]
[PlyCount "86"]
[EventDate "2020.04.15"]
[EventType "swiss (blitz)"]
[EventRounds "9"]
[EventCountry "GER"]
[SourceTitle "CBM 196 Extra"]
[Source "ChessBase"]
[SourceDate "2020.07.31"]
[SourceVersion "1"]
[SourceVersionDate "2020.07.31"]
[SourceQuality "1"]

1. d4 Nf6 2. c4 e6 3. Nf3 b6 4. a3 Be7 5. Nc3 0-0 6. d5 exd5 7. cxd5 Re8 8. e4 Bc5 9. Bd3 c6 10. 0-0 h6 11. b4 Bd6 12. Bb2 Ba6 13. Bxa6 Nxa6 14. Qd3 Nc7 15. Rfe1 cxd5 16. e5 Bxe5 17. Rxe5 Rxe5 18. Nxe5 d6 19. Nc6 Qd7 20. Nd4 Re8 21. Kf1 Qg4 22. Nce2 h5 23. Re1 h4 24. h3 Qg5 25. Bc1 Qe5 26. Nf3 Qe6 27. Ned4 Qd7 28. Rxe8+ Qxe8 29. Bf4 Ne4 30. Kg1 Ne6 31. Nxe6 Qxe6 32. Nd4 Qf6 33. Be3 g6 34. Qe2 Nc3 35. Qf3 Qe7 36. Bf4 Nb1 37. a4 Qe1+ 38. Kh2 Nd2 39. Qe3 Nf1+ 40. Kg1 Nxe3+ 41. Kh2 Nf1+ 42. Kg1 Ng3+ 43. Kh2 Qh1# 0-1

[Event "GER-ch Net Amateur Gr-A Vor1"]
[Site "Playchess.com INT"]
[Date "2020.04.14"]
[Round "9"]
[White "Mietner, Wolfgang"]
[Black "Altenbernd, Jannis Domenik"]
[Result "0-1"]
[WhiteElo "1744"]
[BlackElo "1886"]
[PlyCount "52"]
[EventDate "2020.04.14"]
[EventType "swiss (blitz)"]
[EventRounds "9"]
[EventCountry "GER"]
[SourceTitle "EXT 2021"]
[Source "ChessBase"]
[SourceDate "2020.10.23"]
[SourceVersion "1"]
[SourceVersionDate "2020.10.23"]
[SourceQuality "1"]

1. d4 d6 2. c4 e5 3. d5 f5 4. e4 fxe4 5. Nc3 Nf6 6. Nge2 Be7 7. Ng3 0-0 8. Ngxe4 Nxe4 9. Nxe4 Bf5 10. Bd3 Na6 11. 0-0 b6 12. Be3 Nc5 13. Nxc5 bxc5 14. Bxf5 Rxf5 15. Qg4 Qf8 16. Rab1 Rb8 17. b3 h6 18. Bd2 Bg5 19. Bxg5 Rxg5 20. Qe4 Rf5 21. g3 g5 22. Kg2 Qf7 23. a3 Rf8 24. Qe2 Rf3 25. b4 Qh5 26. bxc5 Rxg3+ 0-1

[Event "Oberhausen op 11th"]
[Site "Oberhausen"]
[Date "2006.04.15"]
[Round "4.9"]
[White "Heimsoth, Sven Holger"]
[Black "Mietner, Wolfgang"]
[Result "1/2-1/2"]
[WhiteElo "2215"]
[BlackElo "2168"]
[PlyCount "21"]
[EventDate "2006.04.13"]
[EventType "swiss"]
[EventRounds "7"]
[EventCountry "GER"]
[SourceTitle "CBM 111 Extra"]
[Source "ChessBase"]
[SourceDate "2006.05.09"]
[SourceVersion "1"]
[SourceVersionDate "2006.05.09"]
[SourceQuality "1"]

1. d4 Nf6 2. Nc3 d5 3. Bg5 Nbd7 4. Nf3 g6 5. g3 Bg7 6. Bg2 0-0 7. 0-0 h6 8. Bf4 c5 9. e3 g5 10. Be5 Nxe5 11. dxe5 1/2-1/2

[Event "Moehnesee Cup-A"]
[Site "Moehnesee"]
[Date "2005.08.21"]
[Round "7"]
[White "Steffens, Olaf"]
[Black "Mietner, Wolfgang"]
[Result "0-1"]
[WhiteElo "2283"]
[BlackElo "2160"]
[PlyCount "92"]
[EventDate "2005.08.18"]
[EventType "swiss"]
[EventRounds "7"]
[EventCountry "GER"]
[SourceTitle "CBM 108 Extra"]
[Source "ChessBase"]
[SourceDate "2005.11.04"]
[SourceVersion "1"]
[SourceVersionDate "2005.11.04"]
[SourceQuality "1"]

1. e4 c6 2. d4 d5 3. Nc3 dxe4 4. Nxe4 Bf5 5. Ng3 Bg6 6. N1e2 e6 7. h4 h6 8. Nf4 Bh7 9. Bc4 Nf6 10. 0-0 Bd6 11. Nxe6 fxe6 12. Bxe6 Nbd7 13. Re1 Kf8 14. Nf5 Bxf5 15. Bxf5 Qa5 16. Bg6 Kg8 17. c3 Nf8 18. Qb3+ Qd5 19. c4 Qa5 20. c5+ Nd5 21. Bd2 Qxd2 22. Qxb7 Nxg6 23. Qxa8+ Kh7 24. Qxc6 Rf8 25. Rf1 Bb8 26. Qxd5 Qf4 27. g3 Qg4 28. Rae1 Nxh4 29. Qe4+ Qxe4 30. Rxe4 Nf3+ 31. Kg2 Nd2 32. Rfe1 Nxe4 33. Rxe4 Rd8 34. b4 Kg6 35. Kf3 h5 36. a4 Kf6 37. b5 Bc7 38. Ke3 g5 39. Kd3 Rd7 40. Re1 h4 41. gxh4 gxh4 42. Kc4 h3 43. d5 Bf4 44. d6 Rg7 45. Kd5 h2 46. c6 Rg5+ 0-1

[Event "Bad Zwesten op 7th"]
[Site "Bad Zwesten"]
[Date "2003.??.??"]
[Round "4"]
[White "Mietner, Wolfgang"]
[Black "Bennemann, Ingmar"]
[Result "0-1"]
[WhiteElo "2140"]
[BlackElo "1953"]
[PlyCount "78"]
[EventDate "2003.01.02"]
[EventType "swiss"]
[EventRounds "9"]
[EventCountry "GER"]
[SourceTitle "CBM 092 Extra"]
[Source "ChessBase"]
[SourceDate "2003.03.07"]
[SourceVersion "1"]
[SourceVersionDate "2003.03.07"]
[SourceQuality "1"]

1. e4 Nf6 2. e5 Nd5 3. d4 d6 4. exd6 exd6 5. c4 Nb6 6. Nc3 g6 7. Nf3 Bg4 8. h3 Qe7+ 9. Be3 Bxf3 10. Qxf3 Bh6 11. Be2 Bxe3 12. fxe3 Nc6 13. 0-0-0 0-0-0 14. g4 Rde8 15. e4 f5 16. gxf5 Rhf8 17. Qd3 gxf5 18. exf5 Nb4 19. Qb1 Qg5+ 20. Rd2 Rxe2 21. Nxe2 Nxc4 22. Rhd1 Re8 23. h4 Qh6 24. f6 Qxf6 25. Qxh7 Nxd2 26. Kxd2 Qf3 27. Re1 Qe3+ 28. Kd1 Nd3 29. Qf5+ Kb8 30. Qf1 Nxe1 31. Qxe1 Qf3 32. Qd2 Re3 33. Qe1 Rd3+ 34. Kc1 Re3 35. Kd1 Rd3+ 36. Kc1 Qe3+ 37. Kc2 Rxd4 38. Qf1 Rd2+ 39. Kb1 Rxe2 0-1

[Event "Borbecker Oster op 8th"]
[Site "Essen"]
[Date "2002.03.28"]
[Round "3.4"]
[White "Becker, Marcel"]
[Black "Mietner, Wolfgang"]
[Result "1-0"]
[WhiteElo "2310"]
[BlackElo "2139"]
[PlyCount "105"]
[EventDate "2002.03.27"]
[EventType "swiss"]
[EventRounds "9"]
[EventCountry "GER"]
[SourceTitle "CBM 087 Extra"]
[Source "ChessBase"]
[SourceDate "2002.05.03"]
[SourceVersion "2"]
[SourceVersionDate "2002.08.09"]
[SourceQuality "1"]

1. d4 Nf6 2. c4 g6 3. Nc3 Bg7 4. e4 d6 5. f4 0-0 6. Nf3 Na6 7. Bd3 e5 8. fxe5 dxe5 9. d5 c6 10. 0-0 cxd5 11. cxd5 Ne8 12. Be3 Nd6 13. Rc1 Bd7 14. Qe2 Nc7 15. Bc5 Nce8 16. Nb5 Bxb5 17. Bxb5 a6 18. Bd3 Rc8 19. b4 Qe7 20. Nd2 Bh6 21. Ra1 Qc7 22. Nf3 Bg7 23. a4 Kh8 24. a5 Qd7 25. Rad1 Qe7 26. Rfe1 Nf6 27. Nd2 Nfe8 28. Nc4 Rd8 29. Bc2 Rg8 30. Ba4 Qg5 31. Bxe8 Nxe8 32. d6 Nf6 33. Be3 Qh5 34. Qxh5 Nxh5 35. d7 Nf4 36. Bb6 Ne6 37. Bxd8 Rxd8 38. Rf1 Kg8 39. Rd5 Nc7 40. Rd3 Ne6 41. Nb6 Bf8 42. Rb1 Nd4 43. Kf1 Kg7 44. Rc3 Kf6 45. Rc8 Be7 46. Rbc1 Nb5 47. Rxd8 Bxd8 48. Rc8 Ke7 49. Rb8 Nd6 50. Nc8+ Kxd7 51. Nxd6 Bc7 52. Rxb7 Kxd6 53. b5 1-0

[Event "Dortmund op-A"]
[Site "Dortmund"]
[Date "2001.??.??"]
[Round "1"]
[White "Epishin, Vladimir"]
[Black "Mietner, Wolfgang"]
[Result "1-0"]
[WhiteElo "2578"]
[BlackElo "2107"]
[PlyCount "61"]
[EventDate "2001.07.12"]
[EventType "swiss"]
[EventRounds "11"]
[EventCountry "GER"]
[SourceTitle "EXT 2002"]
[Source "ChessBase"]
[SourceDate "2001.11.25"]
[SourceVersion "1"]
[SourceVersionDate "2001.11.25"]
[SourceQuality "1"]

1. d4 Nf6 2. c4 g6 3. Nc3 Bg7 4. e4 d6 5. Nf3 0-0 6. Be2 e5 7. 0-0 exd4 8. Nxd4 Re8 9. f3 Nc6 10. Be3 Nh5 11. Nc2 f5 12. Qd2 fxe4 13. fxe4 Nf6 14. Bg5 Rf8 15. Rf2 Ne5 16. Raf1 Be6 17. Nd4 Nxc4 18. Qf4 Qe8 19. Bxf6 Rxf6 20. Qxf6 Bxf6 21. Rxf6 Ne3 22. Rxe6 Qd7 23. Rf3 c5 24. Bb5 Qc7 25. Nde2 Ng4 26. Nd5 Qa5 27. Nec3 a6 28. Be2 Ne5 29. Rf1 b5 30. Nf6+ Kf7 31. Rxd6 1-0

[Event "Dresden Vdes op"]
[Site "Dresden"]
[Date "2000.01.28"]
[Round "5"]
[White "Mietner, Franz"]
[Black "Mietner, Wolfgang"]
[Result "0-1"]
[WhiteElo "1845"]
[BlackElo "2096"]
[PlyCount "62"]
[EventDate "2000.01.26"]
[EventType "swiss"]
[EventRounds "7"]
[EventCountry "GER"]
[SourceTitle "EXT 2001"]
[Source "ChessBase"]
[SourceDate "2000.11.22"]
[SourceVersion "1"]
[SourceVersionDate "2000.11.22"]
[SourceQuality "1"]

1. e4 c5 2. Nf3 e6 3. d4 cxd4 4. Nxd4 a6 5. Be2 Qc7 6. Be3 Nf6 7. f3 d5 8. exd5 Nxd5 9. Bd2 Bd6 10. c4 Nf4 11. g3 Nxe2 12. Qxe2 0-0 13. Nc3 b6 14. Ne4 Be7 15. 0-0-0 Nd7 16. Bc3 Bb7 17. Nd2 Nc5 18. N4b3 Rac8 19. Nxc5 Qxc5 20. Qe5 Bf6 21. Qxc5 Rxc5 22. Bxf6 gxf6 23. Rhe1 Bd5 24. b3 b5 25. b4 Rc6 26. c5 a5 27. a3 axb4 28. axb4 Ra8 29. Ne4 Kg7 30. Re2 f5 31. Nd2 Ra4 0-1

[Event "Dresden Vdes op"]
[Site "Dresden"]
[Date "2000.01.28"]
[Round "4"]
[White "Mietner, Wolfgang"]
[Black "Heinl, Achim"]
[Result "1/2-1/2"]
[WhiteElo "2096"]
[BlackElo "2185"]
[PlyCount "54"]
[EventDate "2000.01.26"]
[EventType "swiss"]
[EventRounds "7"]
[EventCountry "GER"]
[SourceTitle "EXT 2001"]
[Source "ChessBase"]
[SourceDate "2000.11.22"]
[SourceVersion "1"]
[SourceVersionDate "2000.11.22"]
[SourceQuality "1"]

1. d4 d5 2. c4 e6 3. Nc3 c5 4. cxd5 cxd4 5. Qxd4 Nc6 6. Qd1 exd5 7. Qxd5 Be6 8. Qxd8+ Rxd8 9. e3 a6 10. a3 Bb3 11. Nf3 g6 12. Be2 Bg7 13. 0-0 Nge7 14. Bd2 0-0 15. Rfc1 Na5 16. Be1 Nec6 17. Rab1 Nc4 18. Bd1 N6a5 19. Bxb3 Nxb3 20. Rd1 b5 21. Kf1 Rfe8 22. Ke2 h6 23. h4 f5 24. g3 Kf7 25. Rxd8 Rxd8 26. Nd1 Bf6 27. Bc3 g5 1/2-1/2

[Event "Dresden Vdes op"]
[Site "Dresden"]
[Date "2000.01.27"]
[Round "3"]
[White "Gashi, Mustaf"]
[Black "Mietner, Wolfgang"]
[Result "0-1"]
[WhiteElo "1867"]
[BlackElo "2096"]
[PlyCount "64"]
[EventDate "2000.01.26"]
[EventType "swiss"]
[EventRounds "7"]
[EventCountry "GER"]
[SourceTitle "EXT 2001"]
[Source "ChessBase"]
[SourceDate "2000.11.22"]
[SourceVersion "1"]
[SourceVersionDate "2000.11.22"]
[SourceQuality "1"]

1. e4 c5 2. Nf3 e6 3. Nc3 d6 4. d4 cxd4 5. Nxd4 a6 6. Be3 Nf6 7. Be2 Qc7 8. 0-0 Be7 9. Qd2 b5 10. a3 Bb7 11. f3 Nc6 12. Nd1 0-0 13. c3 d5 14. Nxc6 Bxc6 15. exd5 Nxd5 16. Bf2 Rfd8 17. Qc2 Bd6 18. h3 Rd7 19. Bd3 h6 20. c4 bxc4 21. Bxc4 Qb7 22. Nc3 Be5 23. Rab1 Nf4 24. Rfe1 Bd4 25. Ne4 Rad8 26. Bf1 Qb6 27. Bxd4 Rxd4 28. Qf2 Qa5 29. Qh4 e5 30. Qe7 Bxe4 31. fxe4 Qb6 32. Kh1 Ng6 0-1

[Event "Oster op"]
[Site "Essen Borbeck"]
[Date "1999.04.04"]
[Round "8"]
[White "Mietner, Wolfgang"]
[Black "Freckmann, Mark"]
[Result "1/2-1/2"]
[WhiteElo "2112"]
[BlackElo "2315"]
[PlyCount "141"]
[EventDate "1999.03.??"]
[EventType "swiss"]
[EventRounds "9"]
[EventCountry "GER"]
[SourceTitle "EXT 2001"]
[Source "ChessBase"]
[SourceDate "2000.11.22"]
[SourceVersion "1"]
[SourceVersionDate "2000.11.22"]
[SourceQuality "1"]

1. e4 e6 2. d4 d5 3. Nd2 Nf6 4. e5 Nfd7 5. Bd3 c5 6. c3 Nc6 7. Ngf3 cxd4 8. cxd4 Nb6 9. 0-0 Bd7 10. Re1 Rc8 11. Nf1 h6 12. Ne3 a5 13. b3 Nb4 14. Bf1 a4 15. a3 Nc6 16. b4 Na7 17. Bb2 Bb5 18. Nd2 Be7 19. f4 g6 20. Rc1 Rxc1 21. Bxc1 Qc7 22. Bb2 h5 23. g3 Bxf1 24. Rxf1 Nb5 25. Qe2 Qd7 26. Kg2 Na7 27. Nb1 Qb5 28. Qd2 0-0 29. h3 Rc8 30. Nc3 Qa6 31. g4 hxg4 32. hxg4 Nb5 33. f5 Nxc3 34. Bxc3 exf5 35. gxf5 Bg5 36. b5 Qxb5 37. fxg6 fxg6 38. Qf2 Qd7 39. Qg3 Bxe3 40. Rf6 Rc6 41. e6 Qe7 42. Rxg6+ Kh7 43. Qg4 Qf8 44. Qh5+ Bh6 45. Bd2 Rxe6 46. Bxh6 Rxg6+ 47. Qxg6+ Kxg6 48. Bxf8 Kf5 49. Kf3 Nc4 50. Bb4 b5 51. Bf8 Na5 52. Ke3 Nc6 53. Kd3 Ke6 54. Kc3 Kd7 55. Bc5 Kc7 56. Bf8 Kb6 57. Bd6 Ka6 58. Bf4 b4+ 59. axb4 Na7 60. Be5 Nb5+ 61. Kd3 Kb6 62. Bf4 Kc6 63. Bc1 a3 64. Kd2 Kd6 65. Kd3 Ke6 66. Kc2 Nxd4+ 67. Kb1 Nb5 68. Ka2 Ke5 69. Bxa3 Kd4 70. Bb2+ Kc4 71. Bg7 1/2-1/2

[Event "Oster op"]
[Site "Essen Borbeck"]
[Date "1999.??.??"]
[Round "4"]
[White "Mietner, Wolfgang"]
[Black "Heinzel, Olaf"]
[Result "0-1"]
[WhiteElo "2112"]
[BlackElo "2334"]
[PlyCount "52"]
[EventDate "1999.03.??"]
[EventType "swiss"]
[EventRounds "9"]
[EventCountry "GER"]
[SourceTitle "EXT 2001"]
[Source "ChessBase"]
[SourceDate "2000.11.22"]
[SourceVersion "1"]
[SourceVersionDate "2000.11.22"]
[SourceQuality "1"]

1. e4 d5 2. Nc3 d4 3. Nce2 e5 4. Nf3 f6 5. d3 Be6 6. g3 g5 7. Bg2 Nc6 8. c3 g4 9. Nh4 Qd7 10. 0-0 dxc3 11. bxc3 0-0-0 12. d4 exd4 13. Qa4 Bc5 14. Rd1 Nge7 15. Be3 dxe3 16. Rxd7 exf2+ 17. Kf1 Rxd7 18. Nf4 Bf7 19. Nd5 Ne5 20. Ke2 Nxd5 21. exd5 Rxd5 22. Nf5 Rhd8 23. Bxd5 Bxd5 24. Nd4 Nc6 25. Kxf2 Nxd4 26. cxd4 Bc6 0-1

[Event "Recklinghausen op"]
[Site "Recklinghausen"]
[Date "1999.??.??"]
[Round "9"]
[White "Mietner, Wolfgang"]
[Black "Wegener, Olaf"]
[Result "0-1"]
[WhiteElo "2120"]
[BlackElo "2310"]
[PlyCount "50"]
[EventDate "1999.??.??"]
[EventType "swiss"]
[EventRounds "9"]
[EventCountry "GER"]
[SourceTitle "EXT 2000"]
[Source "ChessBase"]
[SourceDate "1999.11.16"]
[SourceVersion "1"]
[SourceVersionDate "1999.11.16"]
[SourceQuality "1"]

1. d4 Nf6 2. c4 e6 3. Nf3 b6 4. a3 Bb7 5. Nc3 d5 6. cxd5 Nxd5 7. Nxd5 Qxd5 8. g3 c5 9. Bg2 Nc6 10. Qa4 cxd4 11. 0-0 b5 12. Qd1 Bc5 13. Ng5 Qd7 14. b4 Bb6 15. Bb2 h6 16. Ne4 Ne5 17. e3 Rd8 18. Rc1 Nc4 19. Bxd4 Bxd4 20. Qxd4 Qxd4 21. exd4 Rxd4 22. Nf6+ Ke7 23. Bxb7 Kxf6 24. Ba6 Rb8 25. a4 Nd2 0-1